| 000 | 01625cam a2200385 i 4500 | ||
|---|---|---|---|
| 999 |
_c9114 _d9114 |
||
| 001 | 1285705039 | ||
| 003 | OCoLC | ||
| 005 | 20241126110705.0 | ||
| 008 | 211103s2022 enkb b 001 0 eng d | ||
| 020 |
_a9781474248853 _q(hbk.) |
||
| 020 |
_a1474248853 _q(hbk.) |
||
| 035 | _a(OCoLC)1285705039 | ||
| 040 |
_aUKMGB _beng _erda _cUKMGB _dOCLCF _dOCLCO _dYDX _dPTS _dOCLCO _dJES _dOCLCO |
||
| 050 | 4 |
_aBS491.3 _b.J47 2022 |
|
| 082 | 0 | 4 |
_a220.7 _223 _bJER |
| 245 | 0 | 4 |
_aThe Jerome biblical commentary for the twenty-first century / _cedited by John J. Collins, Gina Hens-Piazza, Barbara Reid, Donald Senior ; foreword by Pope Francis. |
| 250 | _aThird, fully revised edition. | ||
| 264 | 1 |
_aLondon ; _aNew York, NY : _bT&T Clark/Bloomsbury Publishing, _c2022. |
|
| 300 |
_axxvii, 2196 pages, 8 unnumbered pages of plates : _bmaps ; _c25 cm |
||
| 336 |
_atext _btxt _2rdacontent |
||
| 336 |
_astill image _bsti _2rdacontent |
||
| 336 |
_acartographic image _bcri _2rdacontent |
||
| 337 |
_aunmediated _bn _2rdamedia |
||
| 338 |
_avolume _bnc _2rdacarrier |
||
| 500 | _aPrevious edition published as "The New Jerome biblical commentary" by Prentice-Hall, 1990. | ||
| 504 | _aIncludes bibliographical references and index. | ||
| 630 | 0 | 0 |
_aBible _vCommentaries. _9200 |
| 655 | 7 |
_aCommentaries. _2fast _0(OCoLC)fst01423723 _9875 |
|
| 700 | 1 |
_aCollins, John J. _q(John Joseph), _d1946- _eeditor. _914868 |
|
| 700 | 1 |
_aHens-Piazza, Gina, _d1948- _eeditor. _915908 |
|
| 700 | 0 |
_aFrancis, _cPope, _d1936- _ewriter of foreword. _915909 |
|
| 700 | 1 |
_aReid, Barbara E., _eeditor. _915910 |
|
| 700 | 1 |
_aSenior, Donald, _eeditor. _9480 |
|
| 942 |
_2ddc _cREF |
||